Bienes digitales Una necesidad europea /

Bibliographic Details
Main Author: Castillo Parrilla, Jos ̌Antonio
Format: eBook
Language:Spanish
Published: Madrid: Dykinson, 2018
Subjects:
Online Access:Acceso restringido

MARC

LEADER 00000nam a22000007a 4500
005 20190219222610.0
007 cr|||| ||||
008 190219s2018 es |||||s|||| 00||0 spa d
020 |a 978-84-9148-987-0 
035 |a 22760 
040 |a vLex 
090 |c 8468  |d 8468 
100 1 |a Castillo Parrilla, Jos ̌Antonio 
245 1 0 |a Bienes digitales  |h [Recurso electrn̤ico] :  |b Una necesidad europea /  |c Jos ̌Antonio Castillo Parrilla 
256 |a Servicio en ln̕ea 
260 |a Madrid:  |b Dykinson,  |c 2018 
300 |a 1 recurso electrn̤ico 
506 1 |a Disponible solo en los productos indicados  |d vLex Global  |d vLex Global (Academic Edition, excluding Law Schools)  |d vLex Global (U.S. Academic Edition, Law Schools)  |d vLex Global (U.S. Academic Edition, excluding Law Schools)  |d vLex Global (Academic Edition, Law Schools) 
650 0 4 |a Derecho de las Nuevas Tecnologa̕s  |z Espaą 
740 0 |a vLex Libros (Servicio en ln̕ea) 
856 4 0 |u http://vlex.com/source/bienes-digitales-necesidad-europea-22760  |z Acceso restringido 
942 |c BOOK 
999 0 |a Right of New Technologies